000 00729nam a22002171a 4500
005 20191224042231.0
008 160113b1965 ck a gr|||| 00| 0 spa d
040 _aCO-BoIAVH
_cCO-BoIAVH
041 _aspa
044 _ack
082 4 _a958.09861
_bO48m
100 _aOlivares, Antonio
_911486
245 1 _aMonografia del rey de los gallinazos
_bPublicacion especial
_cUniversidad Nacional de Colombia-- Facultad de ciencias-- Instituto de ciencias naturales.
260 _aColombia
_bEditorial Voluntad LTDA
_c1965
300 _a22 paginas;
_bilustraciones:
_c33 x 25 cm
650 6 _aAves
_950246
650 6 _aNeornithae
_950247
650 6 _aFalconiformes
_95255
650 6 _aCathartae
_950249
942 _2ddc
_cFolleto
999 _c17954
_d17954